000
00332pab a2200145 454500
008
180718b1998 xxu||||| |||| 00| 0 eng d
100
_a
Siddharth, M.
245
_a
The legal status of nuclear weapons
260
_c
1998
300
_a
p.69-71
362
_a
Aug
650
_a
Nuclear weapons
773
_a
Seminar
909
_a
38239
999
_c
38239
_d
38239